Foundations of potential theory /

Guardado en:
Autor Principal: Kellogg, Oliver Dimon.
Formato: Libro
Idioma:English
Publicado: New York : Dover, c1953.
Etiquetas: Agregar Etiqueta
Sin Etiquetas, Sea el primero en etiquetar este registro!
LEADER 00488nam a22001455a 4500
001 MAT.inmabb001605
008 031124r19531929nyu###########000#0#eng#d
005 20130222113047.0
245 1 0 |a Foundations of potential theory /  |c by Oliver Dimon Kellogg. 
260 |a New York :  |b Dover,  |c c1953. 
300 |a ix, 384 p. ;  |c 21 cm. 
500 |a Unaltered and unabridged reissue of the 1st edition (1929). 
100 1 |a Kellogg, Oliver Dimon. 
084 |a 31-01  |2 msc2000 
859 |h 31  |i K29  |p A-1987  |b BIB. MATEMATICA